000 00358nam a2200145Ia 4500
008 221030s9999 xx 000 0 und d
041 _aEnglish
082 _a105.23
100 _aC. M. Srivastava
245 0 _aScience of Engineering Materials
_cby C. M. Srivastava, C. Srinivasan
260 _c0
650 _aB
700 _aC. Srinivasan
942 _cBK
999 _c13804
_d13804